| 000 | 01069nam a2200253 a 4500 | ||
|---|---|---|---|
| 005 | 20230621063540.0 | ||
| 008 | 991125s1996 mx 000 0 spa u | ||
| 035 | _aUPN01000001612 | ||
| 049 | _aTES | ||
| 099 | _a13073 | ||
| 100 | 1 | _aGonzález Rodríguez, Ana Isabel | |
| 245 | 1 | 4 |
_aLos algoritmos de adición y sustracción en forma de juego aplicando el sistema decimal de numeración / _cAna Isabel González Rodríguez, Dora Virginia Guerrero, Gertrudis Quevedo Ponce. |
| 260 |
_aMazatlán, Sin. : _bA. I. González Rodríguez, _c1996. |
||
| 300 | _a109 h. | ||
| 500 | _a"Unidad 252" | ||
| 502 | _aTesis (Lic. en Educación Primaria) -- Universidad Pedagógica Nacional, 1996 | ||
| 650 | 4 |
_aAritmética _xEstudio y enseñanza (Elemental) _95289 |
|
| 650 | 4 |
_aRESTA - _xESTUDIO Y ENSEÑANZA (ELEMENTAL) _9453 |
|
| 650 | 4 |
_aSuma _xEstudio y enseñanza (Elemental) _9388 |
|
| 700 | 1 |
_aGuerrero, Dora Virginia, _ecoaut. |
|
| 700 | 1 |
_aQuevedo Ponce, Gertrudis, _ecoaut. |
|
| 710 | 2 |
_aUniversidad Pedagógica Nacional (México). _bUnidad 252 _928463 |
|
| 905 | _aTesis | ||
| 999 |
_c1612 _d1612 |
||